| 000 | 01399nam a2200373 a 4500 | ||
|---|---|---|---|
| 001 | dia_5520 | ||
| 003 | CHAP | ||
| 005 | 20250925123618.0 | ||
| 007 | ta | ||
| 008 | 220117s1992 xx ad f 001 0 spa d | ||
| 040 |
_cCHAP _amxchpua |
||
| 090 |
_aT.C.144 _bV55 SAI _c1992 |
||
| 245 | 1 | 0 |
_aSistema agroindustrial : leche en la Comarca Lagunera / _ccoordinador Abraham Villegas de Gante ; colaborador Adriana Contreras Oliva...[et al.] |
| 260 |
_aMéxico : _bEl autor, _c1992 |
||
| 300 |
_a117 hojas : _bilustraciones. tablas, gráficas, planos |
||
| 336 |
_2rdacontent _atexto _btxt |
||
| 337 |
_2rdamedia _asin medio _bn |
||
| 338 |
_2rdacarrier _avolumen _bnc |
||
| 500 | _aGrado : 6° año | ||
| 502 |
_aViaje de estudios _b(SAI) -- _cUACh. Departamento de Ingeniería Agroindustrial, _d1992 |
||
| 504 | _aBibliografía : hoja 117 | ||
| 650 | 1 | 3 |
_aIndustria láctea _9158837 _zMéxico _zCoahuila |
| 650 | 1 | 3 |
_aIndustria láctea _9158838 _zMéxico _zDurango |
| 650 | 1 | 3 |
_aMilk industry _9153066 _zMexico _zCoahuila |
| 650 | 1 | 3 |
_aMilk industry _9153067 _zMexico _zDurango |
| 700 | 1 |
_aVillegas de Gante, Abraham Zacarias _9185141 _ecoordinador |
|
| 700 | 1 |
_aContreras Oliva, Adriana _ecolaborador _927524 |
|
| 901 | _aT.C.144 V55 SAI 1992 | ||
| 902 | _aM | ||
| 905 | _a5332271992 mx inm 8222223322spa16 | ||
| 942 | _2local | ||
| 942 | _cVE | ||
| 999 |
_c176439 _d176439 |
||